State versus markets : The emergence of a global economy (Record no. 41981)

MARC details
000 -LEADER
fixed length control field 00360nam a2200133Ia 4500
020 ## - INTERNATIONAL STANDARD BOOK NUMBER
ISBN 0312233027
082 ## - DEWEY DECIMAL CLASSIFICATION NUMBER
Classification number 339.13
Item number SCH
100 ## - MAIN ENTRY--AUTHOR NAME
Personal name Schwartz, Herman M
245 #0 - TITLE STATEMENT
Title State versus markets : The emergence of a global economy
250 ## - EDITION STATEMENT
Edition statement Ed.2
260 ## - PUBLICATION, DISTRIBUTION, ETC. (IMPRINT)
Place of publication Hampshire
Name of publisher Macmillan Press
Year of publication 2000
942 ## - ADDED ENTRY ELEMENTS (KOHA)
Koha item type Books
Holdings
Withdrawn status Lost status Damaged status Not for loan Home library Current library Date acquired Cost, normal purchase price Full call number Accession Number Koha item type
        RRII Library RRII Library 16/12/2021 49.50 339.13 SCH 22261 Books